Κοινωνικός αποκλεισμός : εκτός, εντός και υπό ; θεωρητικές, ιστορικές και πολιτικές καταβολές μιας διφορούμενης έννοιας
Αποθηκεύτηκε σε:
| Κύριος συγγραφέας: | |
|---|---|
| Μορφή: | Βιβλίο |
| Γλώσσα: | Greek |
| Δημοσίευση: |
Αθήνα :
Σαββάλας,
2006.
|
| Σειρά: | Κοινωνικές επιστήμες (Εκδόσεις Σαββάλας)
|
| Θέματα: | |
| Ετικέτες: |
Προσθήκη ετικέτας
Δεν υπάρχουν, Καταχωρήστε ετικέτα πρώτοι!
|
MARC
| LEADER | 00000cam a2200000 i 4500 | ||
|---|---|---|---|
| 001 | 1/67052 | ||
| 008 | 071211s2006 gr | ||| |||| ||gre|| | ||
| 020 | |a 9789604492206 | ||
| 020 | |a 9604492209 | ||
| 035 | |l 10092988 | ||
| 040 | |a GR-MY-UA |b gre |e aacr | ||
| 041 | 0 | |a gre | |
| 082 | 7 | |a 361.1 |2 (22) | |
| 100 | 1 | |a Καυταντζόγλου, Ιωάννα Λ. | |
| 245 | 1 | 0 | |a Κοινωνικός αποκλεισμός : |b εκτός, εντός και υπό ; θεωρητικές, ιστορικές και πολιτικές καταβολές μιας διφορούμενης έννοιας / |c Ιωάννα Λ. Καυταντζόγλου. |
| 260 | |a Αθήνα : |b Σαββάλας, |c 2006. | ||
| 300 | |a 243 σ. ; |c 24 εκ. | ||
| 490 | 1 | |a (Κοινωνικές επιστήμες / Εκδόσεις Σαββάλας) | |
| 504 | |a Βιβλιογραφία: σ. 219-235 | ||
| 504 | |a Ευρετήριο: σ. 237-243 | ||
| 650 | 0 | 0 | |a Social problems. |
| 650 | 0 | 0 | |a Marginality, Social. |
| 830 | 0 | |a Κοινωνικές επιστήμες (Εκδόσεις Σαββάλας) | |
| 852 | |a INST |b LESVOS |e 20080404 |h 361.1 ΚΑΥ |p 005100039512 |q 005100039512 |t BK |y 0 | ||
| 852 | |a INST |b LESVOS |e 20071211 |h 361.1 ΚΑΥ |p 005100040413 |q 005100040413 |t BK |y 0 | ||
| 852 | |a INST |b LESVOS |e 20081119 |h 361.1 ΚΑΥ |p 005100044252 |q 005100044252 |t BK |y 0 | ||
| 852 | |a INST |b LESVOS |e 20110725 |h 361.1 ΚΑΥ |p 005100050143 |q 005100050143 |t BK |y 0 | ||
| 852 | |a INST |b LESVOS |e 20110725 |h 361.1 ΚΑΥ |p 005100050144 |q 005100050144 |t BK |y 0 | ||
| 852 | |a INST |b RHODES |e 20220505 |h 361.1 ΚΑΥ |p 005400042757 |q 005400042757 |t BK |y 0 | ||
| 901 | |a BIBL1-2007-3 | ||
| 901 | |a BIBL1-2011-2 | ||
| 901 | |a BIBL1-2008-1 | ||
| 901 | |a BIBL1-2008-3 | ||
| 909 | |a Λ |b 141747 | ||
| 909 | |a Λ |b 137532 | ||
| 909 | |a Λ |b 141075 | ||
| 909 | |a Λ |b 170085 | ||
| 909 | |a Λ |b 170086 | ||
| 920 | |a ΦΟΙΤΗΤΙΚΗ ΜΕΡΙΜΝΑ |y Λέσβος |z 2008-03 | ||
| 922 | |a 1ΕΛΗ |b 200711 |c ΕΠΕΑΕΚ2/ΤΚ |d Σ. ΠΑΤΑΚΗΣ | ||
| 970 | |a ΚΑΡΑ |b ΓΙΑΣΕΜΗ |z 2007/12/11 | ||